000
00314nam a2200133Ia 4500
005
20251222142001.0
008
251222s9999||||xx |||||||||||||| ||spa||
020
_a
958-04-9257-3
082
_a
658.47/D95
100
_a
Drucker, Peter
245
0
_a
Drucker para Todos los Días:
264
_b
Norma
942
_c
LIB
999
_c
10024
_d
10024